| 000 | 00480nam a2200169Ia 4500 | ||
|---|---|---|---|
| 005 | 20250423101732.0 | ||
| 008 | 250422s9999 xx 000 0 und d | ||
| 020 | _a071667601X | ||
| 050 | _aQ 141 .W67/ Vol 2. | ||
| 245 | 0 | _aWorld Book's biographical encyclopedia of scientists. Vol 2. | |
| 260 | _aChicago | ||
| 260 | _bWorld Book | ||
| 260 | _c2005 | ||
| 300 | _a186 p | ||
| 650 | _aScientists--Biography--Encyclopedias, Juvenile. Scientists--Encyclopedias. | ||
| 942 | _cBK | ||
| 999 |
_c37125 _d37125 |
||